Valuing life (Registro nro. 305028)

Detalles MARC
000 -ENCABEZADO
Número de control [NR] 00957cam a2200241 a 4500
005 - FECHA Y HORA DE LA ÚLTIMA TRANSACCIÓN
control field 20161124113830.0
008 - DE LONGITUD FIJA DE DATOS DE ELEMENTOS - INFORMACIÓN GENERAL
Elementos de longitud fija [NR] 161124s2014 xxu fr s001 0 eng d
010 ## - NUMERO DE CONTROL DE LA BIBLIOTECA DEL CONGRESO (LC) [NR]
Número de control LC [NR] 2013035153
020 ## - NUMERO INTERNACIONAL NORMALIZADO PARA LIBROS [R]
Número Internacional Normalizado del libro [NR] 9780226780177
040 ## - FUENTE DE CATALOGACION [NR]
Agencia de catalogación original [NR] CO-BoUCM
Idioma de catalogación [NR] spa
Quien Cataloga Sandra Palacio
Quien Clasifica Sandra Palacio
041 0# - CODIGO DE IDIOMA [R]
Código de idioma para texto/pista de sonido o título separado [R] Inglés
100 1# - ASIENTO PRINCIPAL--NOMBRE PERSONAL [NR]
Nombre personal [NR] Sunstein, Cass R.
Fechas asociadas con el nombre [NR] 1954-
ID Autoridad 82070
245 10 - MENCION DE TITULO [NR]
Título [NR] Valuing life
Parte restante del título [NR] humanizing the regulatory state
Mención de responsabilidad, etc. [NR] Cass R. Sunstein
260 ## - PUBLICACION, DISTRIBUCION, ETC. (PIE DE IMPRENTA) [R]
Lugar de publicación, distribución, etc. [R] Chicago (Illinois, Estados Unidos)
Nombre del editor, distribuidor, etc. [R] The University of Chicago Press
Fecha de publicación, distribución, etc. [R] 2014
300 ## - DESCRIPCION FISICA [R]
Extensión [R] 248 páginas
504 ## - NOTA DE BIBLIOGRAFIA, ETC. [R]
Nota de bibliografía, etc. [NR] Incluye referencias bibliográficas e índices
650 17 - ASIENTO SECUNDARIO DE MATERIA - TERMINO TEMATICO [R]
Término temático o nombre geográfico como elemento de entrada [NR] Sociología política
Subdivisión geográfica [R] Estados Unidos
9 (RLIN) 82071
650 27 - ASIENTO SECUNDARIO DE MATERIA - TERMINO TEMATICO [R]
Término temático o nombre geográfico como elemento de entrada [NR] Procedimiento administrativo
Subdivisión general [R] Aspectos sociales
Subdivisión geográfica [R] Estados Unidos
9 (RLIN) 82072
650 27 - ASIENTO SECUNDARIO DE MATERIA - TERMINO TEMATICO [R]
Término temático o nombre geográfico como elemento de entrada [NR] Agencias administrativas
Subdivisión general [R] Aspectos sociales
Subdivisión geográfica [R] Estados Unidos
9 (RLIN) 82073
690 ## - ASUNTO AGREGADO LOCAL DE ENTRADA - TÉRMINO TEMÁTICO (OCLC, RLIN)
Acceso temático local Sociología
9 (RLIN) 386
942 ## - ELEMENTOS DE ENTRADA AGREGADOS (KOHA)
Sistema de clasificación DEWEY
Tipo de ítem principal el descrito en 300a Libro
Tema principal Sociología
Edición 1
Clasificación 306.20973
Parte restante de la signatura top. S958vl
Existencias
Fecha de último préstamo Total préstamos Total Renewals Signatura topográfica Código de barras Última vez visto Ejemplar Costo de reposición Price effective from Tipo de ítem Perdido Sistema de clasificación Dañado No prestable Tipo de ítem específico Suprimido Ubicación habitual Ubicación actual Localización Fecha de creación Proveedor Forma de adquisición Costo
05/04/2018 1 1 306.20973 S958vl 100151700 09/12/2025 Ej.1 63778.00 15/11/2016 Libro   DEWEY     Libro   Claustro Claustro 2do piso 15/11/2016 37 Compra 63778.00